000 01402nam a2200349 i 4500
003 EG-GICUC
005 20260121101642.0
008 260104s2002 ua ||||fr|||| 000 0 ara d
040 _a EG-GICUC
_bara
_c EG-GICUC
_d EG-GICUC
_erda
041 _aara
082 0 4 _221
_a345.310612
_bع ا . م
092 0 4 _221
099 _aLaw1 07 345.310612 ع ا . م 1 ed - 2002
100 0 _aعاشور سليمان ثوايل
_eمؤلف.
245 1 0 _aمسئولية الدولة عن أعمال الضبط الإداري في القانون الليبي والمقارن :
_bجنائيا وإداريا /
_cدكتور عاشور سليمان ثوايل.
250 _aالطبعة الاولى
264 1 _aالقاهرة :
_bدار النهضة العربية,
_c2002
300 _a752 صفحة ؛
_c24 سم
336 _2rda content
_atext
337 _2rda media
_aComputer
338 _2rda carrier
_aOnline Resource
504 _a. 743-706 ببليوجرافيا: صفحات.
546 _aالنص باللغة العربية
650 1 4 _aالضبط الإداري
_2qrmak
650 1 4 _aالمسئولية الإدارية
650 1 4 _aالاختصاص بقضاء المسئولية الإدارية
650 1 4 _aالمسئولية الإدارية
651 1 _2qrmak
856 4 0 _uhttps://fll.law.cu.edu.eg/fulltext/bks/B07-00869.pdf
905 _a79
942 _2ddc
_cBK
_e21
_n0
999 _c54258
_d54258